000 00523nam a2200193Ia 4500
003 GCL
008 140319s9999 xx 000 0 eng d
040 _aGCL /
_cGCL
082 0 4 _aCC
_b932
_bS W
100 1 _aSTEINDORFF, GEARE
245 1 0 _aWHEN EGYPT RULED THE EAST /
_cSTEINDORFF, GEARE
700 1 _aSEELE, KEITH
260 _a[S.N] :
_bTHE UNIVERSITY OF CHICAGS PRESS ،
_c1957
300 _a288 PP
650 0 4 _aANCIENT EGYPT
650 0 4 _aMIDDLE EAST - HISTORY
650 0 4 _aEGYPT - HISTORY
942 _2ddc
_cBK
999 _c19221
_d19221